Violations de droits de l'enfant en RDC, cas de violences sexuelles

Detalles Bibliográficos
Autor principal: Nosso, Heritier
Formato: eBook
Publicado: Pars̕: Éditions Universitaires Europěnes, 2019
Materias:
Acceso en línea:Acceso restringido

MARC

LEADER 00000nam a22000007a 4500
005 20191003225254.0
007 cr|||| ||||
008 191003s2019 fr |||||s|||| 00||0 fra d
020 |a 9786138471110 
035 |a 29171 
040 |a vLex 
090 |c 9705  |d 9705 
100 1 |a Nosso, Heritier 
245 1 0 |a Violations de droits de l'enfant en RDC, cas de violences sexuelles  |h [Recurso electrn̤ico] /  |c Heritier Nosso 
256 |a Servicio en ln̕ea 
260 |a Pars̕:  |b Éditions Universitaires Europěnes,  |c 2019 
300 |a 1 recurso electrn̤ico 
500 |a Tout au long de notre ťude, nos recherches ont ť ̌focalisěs sur les droits de l’enfant et les violences sexuelles commises ̉l’ǧard de ce dernier. Dans le premier chapitre, nous avons essay ̌de dm̌ontrer comment l’enfant est protǧ ̌du point de vue international et national. Ceci a consist ̌d’une part ̉faire l’čonomie gňřale des principaux textes juridiques internationaux en matir̈e d’enfance ratifiš par la Rp̌ublique dm̌ocratique du Congo et d’autre part ̉sľectionner les dispositions lǧales relatives ̉l’enfant contenues dans les lois internes. Sur le plan international, compte tenu de la pluralit ̌des textes ratifiš par la R.D.C, seuls les instruments juridiques ci-aprs̈ ont fait l’objet de notre ťude: la Convention relative aux droits de l’enfant, le Protocole facultatif se rapportant ̉la convention relative aux droits de l’enfant concernant la vente d’enfants, la prostitution des enfants et la pornographie mettant en scn̈e des enfants et la charte Africaine des droits et du bien-t̊re de l’enfant. 
506 1 |a Disponible solo en los productos indicados  |d vLex Global  |d vLex Global (Academic Edition, excluding Law Schools)  |d vLex Global (U.S. Academic Edition, Law Schools)  |d vLex Global (U.S. Academic Edition, excluding Law Schools)  |d vLex Global (Academic Edition, Law Schools) 
650 0 4 |a Derecho Pb︢lico y Administrativo  |z Francia 
740 0 |a vLex Libros (Servicio en ln̕ea) 
856 4 0 |u http://vlex.com/source/29171  |z Acceso restringido 
942 |c BOOK 
999 0 |a Public and Administrative Law